Т. 1; Экспериментальная ядерная физика

Bibliographische Detailangaben
Parent link:Экспериментальная ядерная физика: пер. с англ./ Под ред. Э. Сегре. Т. 1.— , 1955-11961
Sprache:Russisch
Veröffentlicht: 1955
Schlagworte:
Format: MixedMaterials Buch
KOHA link:https://koha.lib.tpu.ru/cgi-bin/koha/opac-detail.pl?biblionumber=44631

MARC

LEADER 00000nam2a2200000 4500
001 44631
005 20231031022546.0
035 |a (RuTPU)RU\TPU\book\46366 
090 |a 44631 
100 |a 20021125d1955 k y0rusy50 ca 
101 1 |a rus  |c eng 
102 |a RU 
105 |a a z 001zy 
200 0 |a Т. 1 
210 |d 1955 
215 |a 662 с.  |c ил. 
320 |a Библиогр. в конце частей. 
461 1 |0 (RuTPU)RU\TPU\book\46365  |t Экспериментальная ядерная физика  |o пер. с англ.  |o в 3 т.  |f Под ред. Э. Сегре  |v Т. 1  |d 1955-11961 
610 1 |a ядерная физика 
610 1 |a частицы 
610 1 |a регистрация 
610 1 |a электронные приборы 
610 1 |a излучение 
610 1 |a прохождение через вещество 
610 1 |a ядра 
610 1 |a моменты 
610 1 |a статистика 
610 1 |a строение 
610 1 |a изотопы 
610 1 |a атомный вес 
675 |a 539.152  |v 3 
801 1 |a RU  |b 63413507  |c 20021125  |g PSBO 
801 2 |a RU  |b 63413507  |c 20221101  |g PSBO 
942 |c BK